| 000 | 00000nam##2200000za#4500 |
| 001 | 9.577334 |
| 003 | CaOODSP |
| 005 | 20210624185549 |
| 007 | cr ||||||||||| |
| 008 | 150406|1998||||xxc|||||o f|0| 0 eng|d |
| 040 | |aCaOODSP|beng |
| 043 | |an-cn--- |
| 086 | 1 |aFs97-13/1043E-PDF |
| 110 | 1 |aCanada. |bDepartment of Fisheries and Oceans. |
| 245 | 10|aOrganochlorine residue concentrations in blubber of grey seal (Halichoerus grypus) from Sable Is., N.S., 1974 – 1994 : |h[electronic resource]|bcompilation of data and analysis of trends / |cby R.F. Addison, W.T. Stubo and M.E. Zinck. |
| 260 | |aSidney - British Columbia : |bFisheries and Oceans Canada |c1998. |
| 300 | |a75p.|bfigs., references, tables |
| 490 | 1 |aCanadian data report of fisheries and aquatic sciences|vNo. 1043 |
| 500 | |aOn t.p.: Institute of Ocean Sciences, Sidney, BC. The catalogue number and ISSN for the print edition appear in the PDF version. |
| 546 | |a(Résumé en français) |
| 590 | |a13-21-Supp|b2013-09-16 |
| 720 | 1 |aAddison, R. F. |
| 720 | 1 |aStubo, W. T. |
| 720 | 1 |aZinck, M. E. |
| 830 | #0|aCanadian data report of fisheries and aquatic sciences ;|vNo. 1043|w(CaOODSP)9.505124 |
| 856 | 40|ahttp://publications.gc.ca|qPDF|s2410 KB|uhttps://publications.gc.ca/collections/collection_2013/mpo-dfo/Fs97-13-1043-eng.pdf|yNo. 1043 |